000 01108naa a22003017a 4500
001 BR7703272
003 BR-BrBNA
005 20240918174004.0
007 ta
008 230509b bl.||||| |||| 00| 0 por d
040 _aBR-BrBNA
_bpor
_cBiblioteca Nacional de Agricultura
041 _a(Pt)
072 _aE10
090 _aE10 BR7703272
100 1 _aCozzi, A.O.
111 1 _a1. Seminario Nacional de Produtividade
_cRio de Janeiro, RJ (Brazil)
_d12 Sep 1977
245 1 _aModernizacao empresarial na pequena e media empresa [Macroeconomia; Analise economica; Produtividade]
260 3 _aRio de Janeiro, RJ (Brasil):
_c1977.
500 _aAnais do 1. Seminario Nacional de Produtividade Rio de Janeiro, RJ (Brasil): 1977. p. 160-172 (BR7703272-AM)E10
650 _aMacroeconomia
650 _aAnalise economica
650 _aEconomia da producao
650 _aEmpresa
650 _aProdutividade
773 0 _tAnais do 1. Seminario Nacional de Produtividade
_wE10 BR7703272
_gRio de Janeiro, RJ (Brasil), 1977. p. 160-172
909 _a202404
_bLucia
_c55
_dLucia Elande
942 _cAM
_2AGRIS
999 _c308176
_d308176